Bajtín y Vigotski : la organización semiótica de la conciencia /
में बचाया:
| मुख्य लेखकों: | , |
|---|---|
| स्वरूप: | अज्ञात |
| भाषा: | Spanish |
| प्रकाशित: |
España :
Anthropos,
1993.
|
| विषय: | |
| टैग: |
टैग जोड़ें
कोई टैग नहीं, इस रिकॉर्ड को टैग करने वाले पहले व्यक्ति बनें!
|
MARC
| LEADER | 000000000a22000000004500 | ||
|---|---|---|---|
| 001 | 003475 | ||
| 020 | |a 8476584091 | ||
| 041 | 0 | |a spa | |
| 082 | 0 | 4 | |a 153.7 |b S583b |
| 100 | 1 | |a Silvestri, Adriana | |
| 100 | 1 | |a Blanck, Guillermo | |
| 245 | 1 | 0 | |a Bajtín y Vigotski : |b la organización semiótica de la conciencia / |c Adriana Silvestri, Guillermo Blanck. |
| 260 | 1 | |a España : |b Anthropos, |c 1993. | |
| 300 | |a 283 páginas | ||
| 650 | 4 | |a BAJTIN, MIJAIL MIJAILOVICH, 1895-1975 | |
| 650 | 4 | |a CRITICAS | |
| 650 | 4 | |a VIGOTSKI, LIEV SEMINOCIH, (1896 - 1934) | |
| 650 | 4 | |a VIDA Y OBRA | |
| 650 | 4 | |a SEMIOTICA | |
| 650 | 4 | |a LENGUAJE | |
| 650 | 4 | |a TEORIA FREUDIANA | |
| 650 | 4 | |a PSIQUISMO | |
| 650 | 4 | |a COMUNICACION | |
| 650 | 4 | |a LENGUAJE | |
| 650 | 4 | |a ENUNCIACION | |
| 999 | |c 9696 |d 9696 | ||
| 942 | |c BK |h 153.7 S583b |2 z | ||



